[Event "40th Olympiad Open"]
[Site "Istanbul TUR"]
[Date "2012.08.30"]
[Round "3.46"]
[Board "2"]
[White "Pesqueira, Jose"]
[Black "Mehmeti, Dritan"]
[Result "1-0"]
[BlackTitle "IM"]
[WhiteElo "1986"]
[BlackElo "2437"]
[WhiteTeam "Aruba"]
[BlackTeam "Albania"]
[WhiteFideId "15900037"]
[BlackFideId "4700600"]
[EventDate "2012.08.28"]

1. d4 Nf6 2. c4 c5 3. d5 b5 4. cxb5 a6 5. bxa6 g6 6. Nc3 Bxa6 7. e4 Bxf1 8. Kxf1
d6 9. g3 Bg7 10. Kg2 O-O 11. Nf3 Nbd7 12. Re1 Ra6 13. Qe2 Qa8 14. Nd2 e6 15. f3
exd5 16. exd5 Re8 17. Nde4 Nxe4 18. fxe4 f5 19. Qf2 Bxc3 20. bxc3 Ra4 21. exf5
Qxd5+ 22. Kg1 Rxe1+ 23. Qxe1 Re4 24. Qf1 Ne5 25. Bh6 gxf5 26. Qxf5 Qa8 27. Rf1 1-0

[Event "40th Olympiad Open"]
[Site "Istanbul TUR"]
[Date "2012.08.30"]
[Round "3.47"]
[Board "1"]
[White "Dive, Russell John"]
[Black "Bachmann, Axel"]
[Result "0-1"]
[WhiteTitle "IM"]
[BlackTitle "GM"]
[WhiteElo "2334"]
[BlackElo "2533"]
[WhiteTeam "New Zealand"]
[BlackTeam "Paraguay"]
[WhiteFideId "4300106"]
[BlackFideId "3700488"]
[EventDate "2012.08.28"]

1. Nf3 g6 2. c4 Bg7 3. g3 c5 4. Nc3 Nc6 5. Bg2 e5 6. O-O Nge7 7. Ne1 d6 8. Nc2
Be6 9. Ne3 O-O 10. a3 a6 11. b4 Rb8 12. Rb1 cxb4 13. axb4 b5 14. cxb5 axb5 15.
Ned5 Qd7 16. d3 f5 17. f4 Nxd5 18. Nxd5 Qf7 19. Ne3 Rbc8 20. Kh1 d5 21. fxe5 d4
22. Ng4 Bd5 23. Nh6+ Bxh6 24. Bxh6 Rfe8 25. Rc1 Nxe5 26. Qd2 Ng4 27. Bf4 Qe6 28.
Rxc8 Rxc8 29. h3 Nf6 30. e3 Bxg2+ 31. Kxg2 Rc3 32. exd4 Nd5 33. Be5 Rc2 34. Bf4
Rc3 0-1

[Event "40th Olympiad Open"]
[Site "Istanbul TUR"]
[Date "2012.08.30"]
[Round "3.47"]
[Board "3"]
[White "Steadman, Michael"]
[Black "Latorre, Manuel"]
[Result "0-1"]
[WhiteTitle "FM"]
[BlackTitle "FM"]
[WhiteElo "2237"]
[BlackElo "2303"]
[WhiteTeam "New Zealand"]
[BlackTeam "Paraguay"]
[WhiteFideId "4300548"]
[BlackFideId "3700844"]
[EventDate "2012.08.28"]

1. d4 Nf6 2. c4 g6 3. Nc3 Bg7 4. e4 d6 5. Be2 O-O 6. Be3 e5 7. d5 c6 8. g4 cxd5
9. cxd5 a5 10. h4 Na6 11. g5 Nd7 12. h5 Ndc5 13. Nf3 Bd7 14. Nd2 Qb8 15. a4 Nb4
16. Nc4 Qc7 17. f4 Rfe8 18. fxe5 Bxe5 19. Nxe5 Rxe5 20. Bf4 Rae8 21. Bxe5 Rxe5
22. Rh4 Qd8 23. hxg6 Qxg5 24. gxf7+ Kf8 25. Rh5 Qe3 0-1

[Event "40th Olympiad Open"]
[Site "Istanbul TUR"]
[Date "2012.08.30"]
[Round "3.47"]
[Board "4"]
[White "Vazquez, Guillermo"]
[Black "Li, Zuhao Luke"]
[Result "1-0"]
[WhiteTitle "FM"]
[WhiteElo "2323"]
[BlackElo "2227"]
[WhiteTeam "Paraguay"]
[BlackTeam "New Zealand"]
[WhiteFideId "3702308"]
[BlackFideId "4303431"]
[EventDate "2012.08.28"]

1. e4 e5 2. Nf3 Nc6 3. Bc4 Nf6 4. d3 Be7 5. O-O O-O 6. Re1 d6 7. a4 Na5 8. Ba2
c5 9. Nc3 Nc6 10. Nd5 Be6 11. c3 a6 12. Rb1 b5 13. Ng5 Bxd5 14. exd5 Nb8 15. b4
Nbd7 16. a5 Rc8 17. Nf3 Ne8 18. Bd2 cxb4 19. cxb4 Nc7 20. d4 Nf6 21. dxe5 Nfxd5
22. Qb3 dxe5 23. Nxe5 Bd6 24. Qf3 Qf6 25. Bxd5 Bxe5 26. Be4 g6 27. Be3 Qg7 28.
Bb7 Rb8 29. Ba7 Rbd8 30. Bb6 Rd7 31. g3 Rfd8 32. Rbc1 f6 33. Qc6 Qh6 34. Rxe5
fxe5 35. Bxc7 Qxc1+ 36. Qxc1 Rd1+ 37. Kg2 Rxc1 38. Bxd8 Kf7 39. Bxa6 Rb1 40.
Bxb5 Rxb4 41. Bc6 Rb8 42. a6 1-0

[Event "40th Olympiad Open"]
[Site "Istanbul TUR"]
[Date "2012.08.30"]
[Round "3.48"]
[Board "1"]
[White "Malisauskas, Vidmantas"]
[Black "Al-Tarbosh, Ward"]
[Result "1-0"]
[WhiteTitle "GM"]
[BlackTitle "FM"]
[WhiteElo "2451"]
[BlackElo "2271"]
[WhiteTeam "Lithuania"]
[BlackTeam "Syria"]
[WhiteFideId "12800031"]
[BlackFideId "7601450"]
[EventDate "2012.08.28"]

1. d4 d5 2. c4 c6 3. Nf3 Nf6 4. e3 e6 5. b3 Nbd7 6. Bd3 Bb4+ 7. Nbd2 Ne4 8. O-O
f5 9. a3 Bd6 10. Bb2 O-O 11. cxd5 exd5 12. Ne5 Nxe5 13. dxe5 Bc7 14. b4 a5 15.
f3 Nxd2 16. Qxd2 Qe7 17. f4 Be6 18. Bd4 Rfc8 19. g4 Qd7 20. Qc2 Rf8 21. Rfc1 Bd8
22. Bc5 Rf7 23. g5 Qe8 24. Rab1 axb4 25. axb4 b6 26. Bd4 Ra3 27. Bb2 Rxd3 28.
Qxd3 d4 29. Bxd4 Bd5 30. Ra1 Be4 31. Qe2 Rd7 32. Rd1 Bd5 33. Ra6 Qe6 34. Bxb6
Bxb6 35. Rxb6 h6 36. Rb8+ Kh7 37. Qh5 Ra7 38. Rd2 1-0

[Event "40th Olympiad Open"]
[Site "Istanbul TUR"]
[Date "2012.08.30"]
[Round "3.48"]
[Board "2"]
[White "Iyti, Basher"]
[Black "Pileckis, Emilis"]
[Result "0-1"]
[WhiteTitle "IM"]
[BlackTitle "IM"]
[WhiteElo "2264"]
[BlackElo "2443"]
[WhiteTeam "Syria"]
[BlackTeam "Lithuania"]
[WhiteFideId "7601875"]
[BlackFideId "12802476"]
[EventDate "2012.08.28"]

1. d4 Nf6 2. Nf3 e6 3. c3 b6 4. Bg5 Bb7 5. Nbd2 Be7 6. e3 c5 7. Bd3 cxd4 8. exd4
d6 9. O-O Nbd7 10. Re1 O-O 11. Qe2 a6 12. a4 Re8 13. Rad1 h6 14. Bh4 Qc7 15. Bg3
Bf8 16. h3 Qc6 17. Ne4 Nxe4 18. Bxe4 Qxe4 19. Qxe4 Bxe4 20. Rxe4 d5 21. Re2 b5
22. Ra1 b4 23. cxb4 Rec8 24. Kf1 Bxb4 25. Bf4 Rc4 26. b3 Rc6 27. Rc1 Rac8 28.
Rxc6 Rxc6 29. Ne1 g5 30. Rc2 Rb6 31. Bc7 Rb7 32. Nd3 Be7 33. Rc3 Bf6 34. Ne5
Nxe5 35. dxe5 Be7 36. Bd6 f6 37. Bxe7 Rxe7 38. exf6 Rb7 39. Ke2 Kf7 40. Kd3 Kxf6
41. Kd4 Rb4+ 42. Kc5 a5 43. Rf3+ Ke5 44. Re3+ Kf6 45. Kd6 Rb6+ 46. Kc7 Ra6 47.
Kb7 Rd6 48. b4 axb4 49. a5 d4 50. Rd3 Ke5 51. f3 Kd5 52. a6 Kc4 53. Rd1 d3 54.
Rc1+ Kb3 55. a7 d2 56. Rd1 Rd7+ 57. Kb6 Rxa7 58. Rxd2 Ra2 59. Rd6 Re2 60. Kc5
Re5+ 61. Kd4 Rd5+ 62. Rxd5 exd5 63. Kxd5 Kc3 64. Ke6 b3 65. Kf6 b2 66. Kg6 b1=Q+
67. Kxh6 Qf5 68. Kh5 g4+ 69. Kh4 gxf3 70. gxf3 Qxf3 0-1

[Event "40th Olympiad Open"]
[Site "Istanbul TUR"]
[Date "2012.08.30"]
[Round "3.48"]
[Board "3"]
[White "Vedrickas, Tautvydas"]
[Black "Hammoudi, Ali"]
[Result "1-0"]
[WhiteTitle "FM"]
[WhiteElo "2344"]
[BlackElo "2155"]
[WhiteTeam "Lithuania"]
[BlackTeam "Syria"]
[WhiteFideId "12802654"]
[BlackFideId "7600321"]
[EventDate "2012.08.28"]

1. d4 Nf6 2. c4 g6 3. Nc3 Bg7 4. e4 d6 5. f3 O-O 6. Bg5 Nc6 7. Nge2 h6 8. Be3 a6
9. Qd2 h5 10. h3 b5 11. cxb5 axb5 12. Nxb5 Ba6 13. Nec3 Na5 14. Na3 Bxf1 15.
Kxf1 Qb8 16. g4 Rd8 17. Kg2 Nc6 18. Rhc1 Qb4 19. Ncb5 Qxd2+ 20. Bxd2 Ra6 21.
Nxc7 Rb6 22. Bc3 hxg4 23. hxg4 Rdb8 24. e5 dxe5 25. dxe5 Rxb2+ 26. Bxb2 Rxb2+
27. Rc2 Rxc2+ 28. Nxc2 Nxe5 29. a4 Nc6 30. Rb1 Nd7 31. Rb5 Be5 32. Nd5 e6 33.
Ndb4 Nd4 34. Nxd4 Bxd4 35. Nc6 Be3 36. a5 Nc5 37. Nb4 Na4 38. a6 Nc3 39. Rb7 Ne2
40. a7 Nf4+ 41. Kh2 Bxa7 42. Rxa7 Kg7 43. g5 e5 44. Kg3 Ne2+ 45. Kg4 Nc3 46. Re7
Nd1 47. Rxe5 f5+ 48. gxf6+ Kxf6 49. Re2 Nc3 50. Re3 Nd1 51. Nd5+ Kg7 52. Re2 1-0

[Event "40th Olympiad Open"]
[Site "Istanbul TUR"]
[Date "2012.08.30"]
[Round "3.48"]
[Board "4"]
[White "Azam, Zeno"]
[Black "Labeckas, Kestutis"]
[Result "1/2-1/2"]
[BlackTitle "IM"]
[WhiteElo "2187"]
[BlackElo "2378"]
[WhiteTeam "Syria"]
[BlackTeam "Lithuania"]
[WhiteFideId "7600976"]
[BlackFideId "12802808"]
[EventDate "2012.08.28"]

1. e4 c6 2. d4 d5 3. Nc3 a6 4. Nf3 Bg4 5. Be2 e6 6. h3 Bxf3 7. Bxf3 Nf6 8. O-O
Be7 9. g3 O-O 10. Bg2 b5 11. a3 Nbd7 12. Kh1 dxe4 13. Nxe4 Rc8 14. Be3 Nxe4 15.
Bxe4 Nf6 16. Bg2 Nd5 17. Qe2 c5 18. Rad1 c4 19. c3 a5 20. Bd2 Qd7 21. Rfe1 Rfd8
22. Qh5 g6 23. Qf3 b4 24. axb4 axb4 25. h4 bxc3 26. bxc3 h5 27. Bh3 Qc6 28. Kg1
Rb8 29. Re5 Bf6 30. Re2 Bg7 31. Rde1 Qb7 32. Bg2 Qb3 33. Bh3 Rb6 34. Kg2 Qb5 35.
g4 hxg4 36. Bxg4 Qc6 37. Kg1 Nf6 38. Qxc6 Rxc6 39. Bf3 Rb6 40. Bg5 Rd7 41. Bxf6
Bxf6 42. h5 gxh5 43. Bxh5 Rd5 44. Bf3 Rg5+ 45. Kf1 Rf5 46. Kg2 Rb3 47. Rc1 Bg5
48. Rcc2 Ra5 49. Re5 Rxe5 50. dxe5 Bf4 51. Be2 Bxe5 52. Bxc4 Ra3 53. Re2 Bxc3
54. Ra2 Rxa2 55. Bxa2 Kg7 56. Bc4 Kf6 57. Ba6 Kg5 58. Bb5 f5 59. Kf3 e5 60. Bc6
Kf6 61. Ba8 Ke6 62. Bb7 Bd2 63. Ke2 Bh6 64. f3 Kf6 65. Bc6 Kg5 66. Bb7 Kf4 67.
Bc6 Bg7 68. Bb7 Kg3 69. Bc8 e4 70. fxe4 f4 71. Kf1 Kf3 72. Bb7 1/2-1/2

[Event "40th Olympiad Open"]
[Site "Istanbul TUR"]
[Date "2012.08.30"]
[Round "3.49"]
[Board "1"]
[White "Oussedik, Mahfoud"]
[Black "Collins, Sam E."]
[Result "0-1"]
[WhiteTitle "CM"]
[BlackTitle "IM"]
[WhiteElo "2242"]
[BlackElo "2459"]
[WhiteTeam "Algeria"]
[BlackTeam "Ireland"]
[WhiteFideId "7901810"]
[BlackFideId "2501198"]
[EventDate "2012.08.28"]

1. Nf3 c5 2. b3 Nf6 3. Bb2 e6 4. g3 b6 5. Bg2 Bb7 6. O-O Be7 7. c4 O-O 8. Nc3 d5
9. Ne5 Nbd7 10. Nxd7 Qxd7 11. cxd5 exd5 12. d4 Rfe8 13. Qd3 cxd4 14. Nb5 Ba6 15.
a4 Bc5 16. Rfd1 h5 17. Bxd4 Bxd4 18. Qxd4 Bxb5 19. axb5 Rxe2 20. Bxd5 Nxd5 21.
Qxd5 Re1+ 0-1

[Event "40th Olympiad Open"]
[Site "Istanbul TUR"]
[Date "2012.08.30"]
[Round "3.49"]
[Board "2"]
[White "Astaneh Lopez, Alex"]
[Black "Nassr, Ali"]
[Result "1-0"]
[WhiteTitle "IM"]
[BlackTitle "FM"]
[WhiteElo "2398"]
[BlackElo "2030"]
[WhiteTeam "Ireland"]
[BlackTeam "Algeria"]
[WhiteFideId "2501430"]
[BlackFideId "7900520"]
[EventDate "2012.08.28"]

1. Nf3 Nf6 2. g3 d5 3. Bg2 Bf5 4. O-O e6 5. c4 c6 6. b3 Be7 7. Bb2 h6 8. d3 O-O
9. Nbd2 Nbd7 10. Qc2 Bh7 11. Rad1 Qb6 12. Qc1 a5 13. Ba3 Bxa3 14. Qxa3 e5 15.
Ne1 Rfe8 16. cxd5 cxd5 17. e4 dxe4 18. dxe4 Nc5 19. Nc4 Qa7 20. Nf3 Ncxe4 21.
Nfxe5 b5 22. Nc6 Qc7 23. Nd6 Qxc6 24. Nxe8 Rxe8 25. Qxa5 Qe6 26. Rd8 Bg6 27. Re1
Rxd8 28. Qxd8+ Kh7 29. f3 Qd6 30. Qxd6 Nxd6 31. Rd1 Nf5 32. Kf2 Ne7 33. Bf1 Ned5
34. Rd2 b4 35. Bc4 Nc3 36. Ke3 Bb1 37. Bd3+ Bxd3 38. Kxd3 Nb1 39. Rc2 Nd7 40. a4
bxa3 41. Ra2 Nc5+ 42. Kc2 Nd2 43. Kxd2 Nxb3+ 44. Kc3 Nc5 45. Rxa3 Ne6 46. Kc4
Kg6 47. Kd5 h5 48. Ke5 Ng5 49. h4 f6+ 50. Kd6 Nf7+ 51. Ke6 Ne5 52. Rc3 Nf7 53.
Rc5 Nh6 54. Rd5 Ng8 55. g4 hxg4 56. fxg4 Nh6 57. Rd4 Ng8 58. Ra4 Nh6 59. Ke7
Ng8+ 60. Kf8 Nh6 61. Rb4 f5 62. Rb6+ Kh7 63. Rxh6+ Kxh6 64. gxf5 g5 65. f6 gxh4
66. f7 h3 67. Ke7 1-0

[Event "40th Olympiad Open"]
[Site "Istanbul TUR"]
[Date "2012.08.30"]
[Round "3.49"]
[Board "3"]
[White "Dekar, Lies"]
[Black "Griffiths, Ryan Rhys"]
[Result "0-1"]
[WhiteTitle "IM"]
[BlackTitle "FM"]
[WhiteElo "2155"]
[BlackElo "2362"]
[WhiteTeam "Algeria"]
[BlackTeam "Ireland"]
[WhiteFideId "7900066"]
[BlackFideId "2502054"]
[EventDate "2012.08.28"]

1. e4 c5 2. Nf3 d6 3. d4 cxd4 4. Nxd4 Nf6 5. Nc3 a6 6. h3 e6 7. g4 d5 8. exd5
Nxd5 9. Nde2 Bb4 10. Bg2 Nc6 11. Bd2 Nxc3 12. Bxc3 Qb6 13. Qd3 O-O 14. O-O-O
Bxc3 15. Nxc3 Rd8 16. Qg3 Bd7 17. Rd6 Be8 18. Rhd1 Rxd6 19. Rxd6 Qc7 20. Rd3
Qxg3 21. Rxg3 Rd8 22. Be4 f6 23. Rg1 g5 24. Rd1 h5 25. Rxd8 Nxd8 26. Kd2 Bd7 27.
Bg6 h4 28. Bd3 f5 29. f3 Kg7 30. Ke3 Kf6 31. Be2 Nc6 32. a3 Ke5 33. Nd1 Nd4 34.
c3 Nxe2 35. Kxe2 Kf4 36. Kf2 fxg4 37. fxg4 Ke4 38. Ne3 Kd3 39. c4 Kd2 40. Kf3
Bc6+ 41. Kf2 Kc1 42. b4 Kb2 43. Ke2 Kxa3 44. Nc2+ Kb3 45. Nd4+ Kxc4 46. Nxe6
Kxb4 47. Nxg5 a5 48. Nf3 a4 49. Nd4 a3 50. Kd2 Be4 51. Kc1 b5 52. Nc2+ Ka4 53.
Ne3 b4 54. Nd1 Bg6 55. Ne3 b3 0-1

[Event "40th Olympiad Open"]
[Site "Istanbul TUR"]
[Date "2012.08.30"]
[Round "3.49"]
[Board "4"]
[White "Wall, Gavin"]
[Black "Medjkouh, Said"]
[Result "1-0"]
[WhiteTitle "IM"]
[WhiteElo "2338"]
[BlackElo "2081"]
[WhiteTeam "Ireland"]
[BlackTeam "Algeria"]
[WhiteFideId "2501244"]
[BlackFideId "7901496"]
[EventDate "2012.08.28"]

1. e4 c5 2. Nf3 d6 3. d4 cxd4 4. Qxd4 a6 5. Bg5 Nc6 6. Qd2 h6 7. Bh4 g5 8. Bg3
Bg7 9. Nc3 Nf6 10. O-O-O Be6 11. e5 Nh5 12. exd6 Nxg3 13. hxg3 Qxd6 14. Qxd6
exd6 15. Rxd6 Bxc3 16. bxc3 Ke7 17. Rd1 Bxa2 18. c4 Na5 19. Rd4 Rac8 20. Nd2 b5
21. cxb5 axb5 22. Bxb5 Be6 23. Ra4 Nb3+ 24. Nxb3 Bxb3 25. Ra7+ Kf6 26. Bd3 Be6
27. Kd2 Rc5 28. Rha1 Bd5 29. f3 Rd8 30. R1a5 Rcc8 31. Rb5 Rd6 32. Ke3 Re8+ 33.
Kf2 Rc8 34. g4 1-0

[Event "40th Olympiad Open"]
[Site "Istanbul TUR"]
[Date "2012.08.30"]
[Round "3.50"]
[Board "1"]
[White "Vorobjov, Pavel"]
[Black "Cori, Jorge"]
[Result "0-1"]
[BlackTitle "GM"]
[WhiteElo "2156"]
[BlackElo "2487"]
[WhiteTeam "Estonia"]
[BlackTeam "Peru"]
[WhiteFideId "4500989"]
[BlackFideId "3802272"]
[EventDate "2012.08.28"]

1. d4 d5 2. c4 c6 3. Nc3 dxc4 4. a4 e5 5. dxe5 Qxd1+ 6. Kxd1 Na6 7. Bf4 Be6 8.
Nf3 O-O-O+ 9. Ke1 Ne7 10. Ng5 Nd5 11. Nxe6 fxe6 12. Nxd5 cxd5 13. f3 Nc5 14. e3
Nb3 15. Rd1 Kc7 16. Bg5 Rd7 17. e4 Bb4+ 18. Kf2 Kc6 19. exd5+ exd5 20. g3 Bc5+
21. Kg2 Re8 22. Re1 h6 23. Bf4 Bd4 24. h4 Rde7 25. h5 Bxe5 26. Rh4 Bxb2 27. Rb1
Bf6 28. Rxb3 Bxh4 29. Rb2 Bg5 0-1

[Event "40th Olympiad Open"]
[Site "Istanbul TUR"]
[Date "2012.08.30"]
[Round "3.50"]
[Board "2"]
[White "Vera Siguenas, Deivy"]
[Black "Lapidus, Mark"]
[Result "1-0"]
[WhiteTitle "FM"]
[WhiteElo "2359"]
[BlackElo "2129"]
[WhiteTeam "Peru"]
[BlackTeam "Estonia"]
[WhiteFideId "3804623"]
[BlackFideId "4502299"]
[EventDate "2012.08.28"]

1. e4 e6 2. d4 d5 3. Nd2 dxe4 4. Nxe4 Nd7 5. Bd3 Ngf6 6. Nf3 Be7 7. O-O b6 8.
Qe2 Bb7 9. Re1 O-O 10. Neg5 Bd6 11. Ne5 Qe7 12. Bb5 c5 13. Qd3 Nb8 14. Ng4 g6
15. Nxf6+ Qxf6 16. Ne4 Qe7 17. dxc5 Bxc5 18. Nxc5 Qxc5 19. b4 Qd5 20. Qxd5 Bxd5
21. Bf4 a6 22. Bf1 Rc8 23. c4 Bxc4 24. Rac1 b5 25. Red1 Kg7 26. a3 Kf6 27. Bxc4
bxc4 28. Rd4 e5 29. Rd6+ Kf5 30. Be3 h5 31. f3 c3 32. g3 g5 33. h3 g4 34. hxg4+
hxg4 35. Kf2 c2 36. Rh1 f6 37. fxg4+ Kg6 38. Rc1 Rc6 39. Rd8 Kf7 40. Bc5 Ke6 41.
Rxc2 f5 42. g5 Rc7 43. Rcd2 a5 44. Rf8 1-0

[Event "40th Olympiad Open"]
[Site "Istanbul TUR"]
[Date "2012.08.30"]
[Round "3.50"]
[Board "3"]
[White "Ezov, Roman"]
[Black "Leiva, Giuseppe"]
[Result "1/2-1/2"]
[BlackTitle "FM"]
[WhiteElo "2185"]
[BlackElo "2283"]
[WhiteTeam "Estonia"]
[BlackTeam "Peru"]
[WhiteFideId "4502078"]
[BlackFideId "3804399"]
[EventDate "2012.08.28"]

1. e4 c5 2. Nf3 d6 3. d4 cxd4 4. Nxd4 Nf6 5. Nc3 a6 6. f4 e5 7. Nf3 Qc7 8. Bd3
Be7 9. O-O O-O 10. f5 b5 11. a3 Bb7 12. Qe2 Nbd7 13. Bg5 Rfe8 14. Kh1 d5 15.
Rae1 Bxa3 16. Nxd5 Nxd5 17. bxa3 Nc3 18. Qf2 f6 19. Bd2 Nc5 20. Bxc3 Nxd3 21.
cxd3 Qxc3 22. Qa2+ Kf8 23. Rc1 Qa5 24. Rc5 Rad8 25. Qb3 Re7 26. Rfc1 Red7 27.
R5c3 Qb6 28. Re1 a5 29. Rec1 b4 30. axb4 axb4 31. Rb1 Qa5 32. Qxb4+ Qxb4 33.
Rxb4 Ba6 34. Ne1 Bxd3 35. Rxd3 Rxd3 36. Nxd3 Rxd3 37. Kg1 Rd2 38. Kf1 Ke7 39.
Rb7+ Rd7 40. Rxd7+ Kxd7 41. Ke2 Kc6 42. Kd3 1/2-1/2

[Event "40th Olympiad Open"]
[Site "Istanbul TUR"]
[Date "2012.08.30"]
[Round "3.50"]
[Board "4"]
[White "Pacheco, Marco"]
[Black "Ladva, Ottomar"]
[Result "1/2-1/2"]
[WhiteTitle "FM"]
[WhiteElo "2383"]
[BlackElo "2153"]
[WhiteTeam "Peru"]
[BlackTeam "Estonia"]
[WhiteFideId "3800989"]
[BlackFideId "4500024"]
[EventDate "2012.08.28"]

1. d4 d5 2. c4 e6 3. Nf3 Nf6 4. Nc3 Be7 5. Bg5 h6 6. Bh4 O-O 7. e3 Ne4 8. Bxe7
Qxe7 9. Rc1 c6 10. Bd3 Nxc3 11. Rxc3 dxc4 12. Bxc4 Nd7 13. O-O b6 14. Qe2 c5 15.
Bb5 cxd4 16. Nxd4 Nc5 17. b4 Ne4 18. Rc2 Bb7 19. Bc6 Rad8 20. Rfc1 Nf6 21. Bxb7
Qxb7 22. Nc6 Rd7 23. e4 Kh8 24. b5 Rc7 25. e5 Nd5 26. g3 Rd7 27. Rc4 a6 28. a4
axb5 29. axb5 Ra8 30. Rd4 Nc3 31. Qc4 Rxd4 32. Nxd4 Nd5 33. Qb3 Qa7 34. Nc6 Qa4
35. Qxa4 Rxa4 36. Nd8 Ra7 37. Rc8 Kh7 38. Rb8 Kg6 39. Nc6 Ra1+ 40. Kg2 Rb1 41.
Rb7 f6 42. Nd4 fxe5 43. Nxe6 Rxb5 44. Nxg7 e4 45. Rd7 Nf6 46. Re7 Nd5 1/2-1/2

[Event "40th Olympiad Open"]
[Site "Istanbul TUR"]
[Date "2012.08.30"]
[Round "3.51"]
[Board "1"]
[White "Gruenfeld, Yehuda"]
[Black "Perera, W C C"]
[Result "1-0"]
[WhiteTitle "GM"]
[WhiteElo "2434"]
[BlackElo "2110"]
[WhiteTeam "ICSC"]
[BlackTeam "Sri Lanka"]
[WhiteFideId "2800020"]
[BlackFideId "9902600"]
[EventDate "2012.08.28"]

1. e4 c5 2. Nf3 d6 3. d4 cxd4 4. Nxd4 Nf6 5. Nc3 a6 6. Bg5 e6 7. f4 h6 8. Bh4
Be7 9. Nf3 Qc7 10. Qe2 Nc6 11. O-O-O b5 12. e5 dxe5 13. fxe5 Nd7 14. Bxe7 Kxe7
15. Qf2 Ncxe5 16. Qg3 Qc5 17. Nxe5 Nxe5 18. Ne4 Qc7 19. Qa3+ 1-0

[Event "40th Olympiad Open"]
[Site "Istanbul TUR"]
[Date "2012.08.30"]
[Round "3.51"]
[Board "2"]
[White "Anuruddha, G C"]
[Black "Orsag, Milan1"]
[Result "1/2-1/2"]
[BlackTitle "IM"]
[WhiteElo "2137"]
[BlackElo "2405"]
[WhiteTeam "Sri Lanka"]
[BlackTeam "ICSC"]
[WhiteFideId "9900438"]
[BlackFideId "300853"]
[EventDate "2012.08.28"]

1. e4 c5 2. Nf3 e6 3. d4 cxd4 4. Nxd4 Nf6 5. Nc3 d6 6. Be2 Nc6 7. O-O Be7 8. Kh1
O-O 9. f4 a6 10. Qd3 Bd7 11. Nb3 Rc8 12. Qg3 Nb4 13. Nd4 Kh8 14. a3 Nc6 15. Be3
Na5 16. Rad1 Rxc3 17. bxc3 Nxe4 18. Qe1 Qc7 19. Rd3 f5 20. Bc1 Nc4 21. Rh3 b5
22. Bd3 d5 23. Nf3 Bf6 24. Bxc4 bxc4 25. Ne5 Kg8 26. Be3 Ba4 27. Qe2 Bxe5 28.
fxe5 g6 29. Bd4 Qe7 30. Rb1 Qc7 31. Rb4 Bc6 32. Qe1 a5 33. Rb6 Rb8 34. Qb1 Rxb6
35. Qxb6 Qxb6 36. Bxb6 Ba4 37. Re3 Bxc2 38. Bxa5 Nf2+ 39. Kg1 Nd3 40. Bd8 Bd1
41. Kf1 f4 42. Rxd3 cxd3 43. Ke1 Ba4 44. Bg5 f3 45. gxf3 Kg7 46. Bf6+ Kf7 47.
Kd2 Bb5 48. Bg5 Ke8 49. a4 Ba6 50. Be3 Kd7 51. h4 Kc6 52. Bd4 Bc4 53. Ke3 Kb7
54. a5 Ka6 55. Bb6 Kb5 56. Kd2 Ka4 57. Bd8 Kb3 58. Bb6 Ba6 59. Bc5 Kc4 60. Bb6
Bb7 61. Bd4 Ba6 62. Bb6 Bb7 1/2-1/2

[Event "40th Olympiad Open"]
[Site "Istanbul TUR"]
[Date "2012.08.30"]
[Round "3.51"]
[Board "3"]
[White "Klasan, Vladimir"]
[Black "Alahakoon, Isuru"]
[Result "1-0"]
[WhiteElo "2342"]
[BlackElo "2060"]
[WhiteTeam "ICSC"]
[BlackTeam "Sri Lanka"]
[WhiteFideId "934054"]
[BlackFideId "9900993"]
[EventDate "2012.08.28"]

1. e4 c5 2. Ne2 d6 3. g3 Nf6 4. Bg2 g6 5. c3 Bg7 6. d4 cxd4 7. cxd4 O-O 8. Nbc3
Nc6 9. h3 a6 10. O-O Qa5 11. Be3 Qh5 12. Nf4 Qxd1 13. Rfxd1 e5 14. dxe5 dxe5 15.
Nfd5 Nxd5 16. Nxd5 Nd4 17. Bxd4 exd4 18. f4 Rd8 19. Rac1 Be6 20. Nc7 Rac8 21. b3
Bf8 22. Kf1 Bd7 23. Nd5 Bb5+ 24. Ke1 Ba3 25. Rxc8 Rxc8 26. Rxd4 Rc1+ 27. Rd1 Rc2
28. Rd2 Rc1+ 29. Kf2 Bc5+ 30. Kf3 f5 31. exf5 gxf5 32. a4 Bc6 33. Ke2 Rg1 34.
Nf6+ Kg7 35. Bxc6 bxc6 36. Nd7 Bb4 37. Rd3 a5 38. Ne5 Rg2+ 39. Kf3 Rc2 40. g4
Kf6 41. Nd7+ Ke6 42. Ne5 Rh2 43. Kg3 Rc2 44. Nf3 Kf6 45. g5+ Ke7 46. Nd4 Rc5 47.
Kh4 Kf7 48. Kh5 Kg8 49. Re3 Bd2 50. Re8+ Kf7 51. Re2 Bc3 52. Nc2 Bg7 53. Ne3 Bf8
54. Nc4 Bg7 55. Nd6+ Kg8 56. Re8+ Bf8 57. Nc4 Rd5 58. Ne5 Kg7 59. Nxc6 Rd3 60.
h4 Rxb3 61. Nd4 Rb4 62. Ne6+ Kf7 63. Rxf8+ Kxe6 64. Rf6+ Ke7 65. Rxf5 Rxa4 66.
Kh6 Ra1 67. h5 a4 68. Kxh7 a3 69. Ra5 a2 70. g6 Rh1 71. h6 a1=Q 72. Rxa1 Rxa1
73. g7 Kf6 74. g8=Q Re1 75. Qf8+ 1-0

[Event "40th Olympiad Open"]
[Site "Istanbul TUR"]
[Date "2012.08.30"]
[Round "3.52"]
[Board "2"]
[White "Chumfwa, Stanley"]
[Black "Arora, Neel"]
[Result "1-0"]
[WhiteElo "2347"]
[BlackElo "1861"]
[WhiteTeam "Zambia"]
[BlackTeam "Fiji"]
[WhiteFideId "8700117"]
[BlackFideId "11400145"]
[EventDate "2012.08.28"]

1. d4 Nf6 2. c4 e6 3. Nf3 b6 4. g3 Bb7 5. Bg2 Be7 6. O-O O-O 7. d5 exd5 8. Nh4
d6 9. cxd5 Nbd7 10. Nf5 Re8 11. Nc3 Bf8 12. Bg5 h6 13. Bf4 Ne5 14. Qc2 a6 15.
Rad1 Bc8 16. Nd4 Bd7 17. Bc1 Qc8 18. f4 Ng6 19. e4 Bh3 20. Rfe1 Bxg2 21. Qxg2
Qd7 22. Nc6 h5 23. h3 Ne7 24. e5 Nh7 25. e6 fxe6 26. Nxe7+ Rxe7 27. dxe6 Qc8 28.
Nd5 Nf6 29. Nxe7+ Bxe7 30. g4 hxg4 31. hxg4 c6 32. g5 Nh5 33. Qg4 g6 34. f5 d5
35. fxg6 Ng7 36. Qh3 Bc5+ 37. Kg2 Kf8 38. Qh8+ Ke7 39. Qxg7+ Ke8 40. Qf7+ Kd8
41. e7+ 1-0

[Event "40th Olympiad Open"]
[Site "Istanbul TUR"]
[Date "2012.08.30"]
[Round "3.52"]
[Board "3"]
[White "Goundar, Sanmogam"]
[Black "Bwalya, Gillan"]
[Result "0-1"]
[WhiteTitle "CM"]
[WhiteElo "1929"]
[BlackElo "2256"]
[WhiteTeam "Fiji"]
[BlackTeam "Zambia"]
[WhiteFideId "11400110"]
[BlackFideId "8700257"]
[EventDate "2012.08.28"]

1. e4 c5 2. Nf3 d6 3. d4 cxd4 4. Nxd4 Nf6 5. Nc3 a6 6. Bg5 e6 7. f4 Qb6 8. Nb3
Nbd7 9. Qf3 Qc7 10. O-O-O b5 11. e5 Bb7 12. Qe3 dxe5 13. fxe5 Qxe5 14. Qxe5 Nxe5
15. Bxf6 gxf6 16. Na5 Bc8 17. Ne4 Bb4 18. Nb3 f5 19. Nec5 Nd7 20. Nd3 Bd6 21. g3
Bb7 22. Rg1 Ke7 23. Bg2 Bxg2 24. Rxg2 Nf6 25. Re2 Rhd8 26. Nd4 Kf8 27. Nc6 Rd7
28. Nde5 Bxe5 29. Nxe5 Rxd1+ 30. Kxd1 Nd5 31. a3 Rc8 32. Kc1 Rc7 33. Nd3 Ke7 34.
b4 Ra7 35. Kb2 h5 36. Nf4 Nxf4 37. gxf4 Rc7 38. Kb3 Rc4 39. a4 f6 40. Rf2 Kd6
41. Rd2+ Kc6 42. Re2 Kd5 43. axb5 axb5 44. Rf2 h4 45. c3 Rc6 46. Rd2+ Ke4 47.
Rd4+ Ke3 48. Kc2 Rb6 49. Kb3 e5 50. fxe5 fxe5 51. Rxh4 f4 52. Rh5 e4 53. c4 Rf6
54. Rxb5 f3 55. Ra5 f2 56. Ra1 f1=Q 57. Rxf1 Rxf1 0-1